[Event "1st Cyprus Chess Tournament 2019"]
[Site "Larnaca"]
[Date "2019.10.29"]
[Round "6.12"]
[White "Biljanic, Ljubomir"]
[Black "Kourouyiannis, Fivos"]
[Result "1-0"]
[WhiteElo "2241"]
[BlackElo "1708"]
[Annotator "ChessBase"]
[PlyCount "83"]
[EventDate "2019.10.25"]
[EventType "swiss"]
[EventCountry "CYP"]
[SourceTitle "playchess.com"]
[Source "ChessBase"]
[SourceQuality "1"]
[TimeControl "5400+30"]

1. d4 {[%emt 0:00:00]} Nf6 {[%emt 0:00:00]} 2. Nf3 {[%emt 0:00:00]} g6 {[%emt 0:00:00]} 3. c4 {[%emt 0:00:00]} Bg7 {[%emt 0:00:00]} 4. Nc3 {[%emt 0:00:00]} O-O {[%emt 0:00:25]} 5. e4 {[%emt 0:00:00]} d6 {[%emt 0:00:15]} 6. Be2 {[%emt 0:00:04]} e5 {[%emt 0:00:43]} 7. d5 {[%emt 0:00:07]} a5 {[%emt 0:01:54]} 8. O-O {[%emt 0:00:04]} Na6 {[%emt 0:00:08]} 9. Ne1 {[%emt 0:00:11]} Nc5 {[%emt 0:00:46]} 10. Bg5 {[%emt 0:01:12]} h6 {[%emt 0:04:31]} 11. Bxf6 {[%emt 0:00:08]} Qxf6 {[%emt 0:10:43]} 12. Bg4 {[%emt 0:00:09]} Bxg4 {[%emt 0:13:48]} 13. Qxg4 {[%emt 0:00:09]} Qf4 {[%emt 0:00:09]} 14. Qe2 {[%emt 0:00:10]} f5 {[%emt 0:00:26]} 15. Nd3 {[%emt 0:00:12]} Nxd3 {[%emt 0:00:43]} 16. Qxd3 {[%emt 0:00:03]} fxe4 {[%emt 0:04:15]} 17. Nxe4 {[%emt 0:00:23]} Qf5 {[%emt 0:10:55]} 18. Rae1 {[%emt 0:02:28]} b6 {[%emt 0:06:16]} 19. b3 {[%emt 0:00:22]} Qd7 {[%emt 0:11:00]} 20. a3 {[%emt 0:00:32]} Kh7 {[%emt 0:00:47]} 21. Re3 {[%emt 0:00:40]} Rf4 {[%emt 0:03:40]} 22. Rh3 {[%emt 0:02:05]} Qf5 {[%emt 0:03:13]} 23. Re3 {[%emt 0:02:30]} Rf8 {[%emt 0:03:14]} 24. b4 {[%emt 0:00:38]} axb4 {[%emt 0:00:12]} 25. axb4 {[%emt 0:00:02]} Rf7 {[%emt 0:06:36]} 26. g3 {[%emt 0:03:12]} Rf3 {[%emt 0:00:33]} 27. c5 {[%emt 0:02:17]} bxc5 {[%emt 0:04:12]} 28. bxc5 {[%emt 0:00:03]} dxc5 {[%emt 0:02:41]} 29. Kg2 {[%emt 0:08:25]} Rxe3 {[%emt 0:02:07]} 30. fxe3 {[%emt 0:00:13]} Qxf1+ {[%emt 0:00:24]} 31. Qxf1 {[%emt 0:00:11]} Rxf1 {[%emt 0:00:02]} 32. Kxf1 {[%emt 0:00:18]} Bf8 {[%emt 0:00:18]} 33. Nf6+ {[%emt 0:01:10]} Kh8 {[%emt 0:00:36]} 34. Ke2 {[%emt 0:00:09]} Bd6 {[%emt 0:00:12]} 35. Kd3 {[%emt 0:00:37]} Kg7 {[%emt 0:00:30]} 36. Ne4 {[%emt 0:00:03]} Kf7 {[%emt 0:00:41]} 37. Kc4 {[%emt 0:00:07]} Ke7 {[%emt 0:09:57]} 38. Kb5 {[%emt 0:00:52]} Kd8 {[%emt 0:01:09]} 39. Nxc5 {[%emt 0:00:49]} Bxc5 {[%emt 0:00:43]} 40. Kxc5 {[%emt 0:00:09]} Kd7 {[%emt 0:00:02]} 41. e4 {[%emt 0:00:10]} g5 {[%emt 0:01:09]} 42. g4 {[%emt 0:00:08]} 1-0

[Event "1st Cyprus Chess Tournament 2019"]
[Site "Larnaca"]
[Date "2019.10.31"]
[Round "7.1"]
[White "Sumets, Andrey"]
[Black "Mirzoev, Azer"]
[Result "1-0"]
[WhiteElo "2570"]
[BlackElo "2472"]
[Annotator "TA"]
[PlyCount "99"]
[EventDate "2019.10.25"]
[EventType "swiss"]
[EventCountry "CYP"]
[SourceTitle "playchess.com"]
[Source "ChessBase"]
[SourceQuality "1"]

{[%evp 19,99,6,16,15,18,29,45,39,57,62,74,79,64,43,47,50,51,47,64,73,97,93,92,84,143,144,150,147,141,147,146,150,147,148,141,144,139,132,145,145,143,135,142,144,147,153,290,277,320,333,271,276,343,354,405,300,297,284,454,435,447,446,443,445,446,445,407,421,617,592,1321,352,1271,1248,1067,989,1205,1216,2205,2165,29980,29981]} 1. d4 d5 2. c4 e6 3. Nf3 Nf6 4. g3 Bb4+ 5. Bd2 Be7 6. Bg2 O-O 7. O-O c6 8. Qc2 b6 9. Bf4 Bb7 10. Rd1 Na6 11. Ne5 {E06: Closed Catalan: Early deviations} Rc8 12. Nc3 Nh5 13. Bc1 {White is slightly better.} Nf6 14. e4 h6 $146 ({Predecessor:} 14... Nb4 15. Qb1 a5 16. a3 Na6 17. Bf4 dxc4 18. Nxc4 b5 19. Ne5 Qb6 20. Be3 Qc7 {1-0 (32) Adly,A (2633)-Fawzy,A (2438) Livingstone 2018}) 15. a3 Nb8 16. Qb3 dxe4 17. Nxe4 Nxe4 18. Bxe4 Nd7 19. Bf4 Nxe5 20. Bxe5 Bd6 21. c5 Bxe5 (21... Bc7 $142) 22. dxe5 $16 Qc7 23. Qc3 bxc5 24. Qxc5 Qb6 {[#]} 25. b4 $1 {[%cal Bb2b4,Bb4c5][%mdl 32]} Qxc5 26. bxc5 Rc7 27. Rd6 Rfc8 28. Rad1 {Intending Rd8+ and mate.} Kf8 29. R1d4 Ba6 30. f4 Ke7 31. Kf2 Bb5 32. g4 g6 (32... Rb8 $16 33. f5 a5) 33. f5 $18 gxf5 34. gxf5 exf5 35. Bxf5 Re8 36. Rxh6 Ba6 37. Be4 Bc8 38. Rxc6 ({Don't do} 38. Bxc6 Rg8 $18) 38... Rxc6 (38... Rd7 $142) 39. Bxc6 {[%mdl 4096] Endgame KRB-KRB} Rh8 40. h4 Ke6 41. Ke3 a5 42. Bd5+ Kxe5 43. Bxf7 Bf5 (43... Bb7 $142 44. h5 Rc8) 44. h5 Rc8 45. Rd5+ Kf6 {If Black can now play ...Bh3 this consolidates a bit.} 46. Kd4 Rb8 {[#]} 47. Bg6 $1 Be6 (47... Bxg6 48. Rd6+) 48. Rd6 Rb3 49. Bd3 Rxa3 50. Bc4 {Accuracy: White = 91%, Black = 40%.} 1-0

[Event "1st Cyprus Chess Tournament 2019"]
[Site "Larnaca"]
[Date "2019.10.31"]
[Round "7.2"]
[White "Ulybin, Mikhail"]
[Black "Gleizerov, Evgeny"]
[Result "1/2-1/2"]
[WhiteElo "2455"]
[BlackElo "2512"]
[Annotator "ChessBase"]
[PlyCount "27"]
[EventDate "2019.10.25"]
[EventType "swiss"]
[EventCountry "CYP"]
[SourceTitle "playchess.com"]
[Source "ChessBase"]
[SourceQuality "1"]
[TimeControl "5400+30"]

1. c4 {[%emt 0:03:31]} Nf6 {[%emt 0:00:00]} 2. Nc3 {[%emt 0:00:44]} g6 {[%emt 0:00:05]} 3. e4 {[%emt 0:01:09]} d6 {[%emt 0:00:05]} 4. d4 {[%emt 0:00:45]} Bg7 {[%emt 0:00:06]} 5. Nf3 {[%emt 0:01:12]} O-O {[%emt 0:00:06]} 6. Be2 {[%emt 0:01:02]} Bg4 {[%emt 0:01:01]} 7. Be3 {[%emt 0:01:11]} Nfd7 {[%emt 0:00:21]} 8. Qb3 {[%emt 0:02:12]} Nc6 {[%emt 0:00:58]} 9. Qxb7 {[%emt 0:04:24]} Nb6 {[%emt 0:01:09]} 10. Qxc6 {[%emt 0:03:28]} Bd7 {[%emt 0:00:09]} 11. Qb7 {[%emt 0:00:43]} Bc8 {[%emt 0:00:08]} 12. Qc6 {[%emt 0:00:44]} Bd7 {[%emt 0:00:12]} 13. Qb7 {[%emt 0:00:43]} Bc8 {[%emt 0:00:05]} 14. Qc6 {[%emt 0:01:16]} 1/2-1/2

[Event "1st Cyprus Chess Tournament 2019"]
[Site "Larnaca"]
[Date "2019.10.31"]
[Round "7.3"]
[White "Kotronias, Vasilios"]
[Black "Tilicheev, Viacheslav"]
[Result "1/2-1/2"]
[WhiteElo "2486"]
[BlackElo "2478"]
[Annotator "TA"]
[PlyCount "118"]
[EventDate "2019.10.25"]
[EventType "swiss"]
[EventCountry "CYP"]
[SourceTitle "playchess.com"]
[Source "ChessBase"]
[SourceQuality "1"]

{[%evp 18,118,9,5,17,15,20,-7,11,14,43,56,50,56,50,56,49,45,49,30,40,27,38,33,46,8,6,8,12,0,0,0,0,0,0,0,0,0,13,3,8,10,12,12,14,13,8,10,71,62,100,94,147,146,146,32,110,91,137,145,360,341,274,95,349,353,618,352,1266,1200,1152,1043,1013,1015,950,922,1873,1156,12827,12832,1913,1909,1309,130,118,15,129,0,0,0,0,0,0,0,0,0,0,0,0,0,0,0,0]} 1. e4 c5 2. Nf3 d6 3. d4 cxd4 4. Nxd4 Nf6 5. Nc3 g6 6. g3 Nc6 7. Bg2 Nxd4 8. Qxd4 Bg7 9. O-O O-O 10. a4 Qa5 {B70: Sicilian Dragon: 6 g3 and 6 Be2 (without a later Be3)} (10... Be6 11. Qb4 a5 12. Qxb7 Nd7 13. Qb5 Rc8 14. Rd1 Ne5 15. Qe2 Nc4 16. Rb1 Nxb2 17. Bxb2 Bxc3 18. e5 {½-½ (94) Spangenberg,H (2487)-Mekhitarian,K (2570) Buenos Aires 2015}) 11. Qd3 Be6 12. Bd2 $146 ({Predecessor:} 12. Nd5 Nxd5 13. exd5 Bf5 14. Qe2 Rfe8 15. c3 a6 16. Be3 b5 17. axb5 Qxb5 18. Qxb5 axb5 {0-1 (73) Tallo Dominguez,I (2041)-Aloma Vidal,R (2393) Catalunya 2008}) 12... Qh5 13. Qb5 Ng4 {[%csl Gg4][%cal Rh5h2]} 14. Qxh5 gxh5 15. Nd1 Rac8 16. c3 Ne5 17. Ne3 h4 18. f4 Nd3 19. Rfb1 Nc5 20. Ra3 Bd7 21. a5 (21. Nf5 $5 {[%cal Rf5e7]} Rfe8 22. Nxh4 $14) 21... hxg3 22. hxg3 Bc6 23. Nf5 Rfe8 24. Be3 Bxe4 25. Bxe4 Nxe4 26. Re1 Bf8 27. Bxa7 d5 28. Rb3 e6 29. Nd4 Re7 30. Kg2 f5 31. Nf3 Ra8 32. Bb6 Rg7 {[#]} (32... h6 $11) 33. Ng5 $1 $16 {[%mdl 512]} Nxg5 34. fxg5 Rxg5 (34... Re7 $142) 35. Rxe6 f4 36. Bf2 (36. Rb5 $16) 36... fxg3 (36... Rxa5 $14 37. Rxb7 fxg3) 37. Be3 Rg7 38. Rb5 h5 $2 (38... Rd7 $16 {was called for.} 39. Re5 (39. Kxg3 Bg7 $16) 39... Bg7 40. Rexd5 Rxd5 41. Rxd5 Re8) 39. Rxd5 $18 h4 40. Rh5 $2 ({Not} 40. Bg5 Rh7 $16) (40. Bd4 $18 {is more deadly.} Rh7 41. Kh3) 40... Kf7 $2 {[%mdl 8192]} (40... Re7 $16 41. Rxe7 Bxe7) 41. Rb6 Re8 $2 (41... Ke8 42. Bd4 (42. Rxh4 Rxa5 43. Rc4 Rd5 $16) 42... Rc7) 42. Rxb7+ Kf6 $2 (42... Kg8 43. Rxg7+ Bxg7) 43. Rxg7 {White wants to mate with Bd4+.} Rxe3 {[%mdl 4096] Endgame KRR-KRB} 44. Rg4 Re2+ 45. Kf3 Rf2+ 46. Ke3 Rxb2 47. Rhxh4 Bd6 48. Rh6+ Kf5 49. Rhg6 {[%csl Gg6][%cal Rg4g5]} Bf4+ {[#]} 50. Kd3 $2 (50. Kd4 $1 $18 {[%cal Rd4c4] and the rest is easy. And now Kc4 would win.} Ra2 51. c4) 50... Ra2 $16 {[#]} 51. a6 (51. Rg8 $1 $16 {Threatens to win with Rh4.} Rxa5 52. Rh4) 51... Ra3 (51... Rxa6 $1 $11 {remains equal.} 52. Rxa6 Kxg4) 52. Rxg3 ({White should play} 52. Rg8 $16 {Hoping for R4g6.} Rxa6 53. Rh4 Rd6+ 54. Kc2 Rd2+ 55. Kb3) 52... Bxg3 $11 {The position is equal.} 53. Rxg3 Rxa6 $16 {KR-KR} 54. Kd4 Ra8 55. Kd5 {Black must now prevent Rf3+.} Rd8+ 56. Kc6 Rc8+ 57. Kd7 Rc4 58. Kd6 Ke4 59. Rh3 Rc8 {Accuracy: White = 54%, Black = 41%.} 1/2-1/2

[Event "1st Cyprus Chess Tournament 2019"]
[Site "Larnaca"]
[Date "2019.10.31"]
[Round "7.4"]
[White "Kazakouski, Valery"]
[Black "Lornye, Pylyp"]
[Result "1-0"]
[WhiteElo "2474"]
[BlackElo "2284"]
[Annotator "TA"]
[PlyCount "103"]
[EventDate "2019.10.25"]
[EventType "swiss"]
[EventCountry "CYP"]
[SourceTitle "playchess.com"]
[Source "ChessBase"]
[SourceQuality "1"]

{[%evp 26,119,49,60,103,69,76,53,118,110,97,24,144,132,160,168,159,126,122,-1075,-4,-1091,687,90,82,-60,1506,-733,61,13,12,0,125,117,116,116,125,122,101,127,143,135,140,137,147,147,203,186,212,173,180,165,188,181,189,200,229,233,307,293,292,314,299,283,781,775,841,841,788,676,1690,1679,1244,789,6079,5600,29969,29969,29976,29977,29976,8756,29978,29980,29980,29981,29981,29982,29984,29985,29987,29988,29989,29988,29988,29989]} 1. Nf3 Nf6 2. c4 g6 3. d4 Bg7 4. g3 O-O 5. Bg2 d6 6. O-O Nbd7 7. Nc3 e5 8. e4 c6 9. h3 Re8 10. Be3 exd4 11. Nxd4 Nc5 12. Qc2 a5 13. Rad1 Qe7 14. Rfe1 Ne6 {E69: King's Indian: Fianchetto: 6...Nbd7 7 0-0 e5 8 e4 c6 9 h3} ({Don't go for} 14... Ncxe4 $2 15. Bf4 $18) (14... Nfd7 15. b3 h5 16. Qd2 Ne5 17. Bg5 Qc7 18. Bh6 Bh8 19. Re3 Qb6 20. f4 Ned7 21. Kh1 a4 22. Rb1 axb3 23. axb3 {0-1 (33) Seliverstov,V (2462)-Amonatov,F (2614) St Petersburg 2018}) 15. Qd2 a4 16. f4 $146 ({Predecessor:} 16. Nc2 Rd8 17. Kh2 Ne8 18. f4 Bd7 19. Bb6 Rdc8 20. e5 {1-0 (33) Muller,M-Mirowicz,J Poland 1991}) 16... Nxd4 (16... Nc5 $14) 17. Bxd4 $16 ({Not} 17. Qxd4 Nh5 $15) 17... Be6 18. Nd5 (18. Qd3 $16) 18... Qd8 {[#]} (18... Bxd5 $1 $11 19. exd5 Qd7) 19. Bb6 $1 {[%cal Rb6d8]} Qc8 20. Nc7 {[%mdl 64] Double Attack} Bxc4 21. Nxa8 Qxa8 22. Qd3 $2 {[%mdl 8192]} (22. Ra1 $16) 22... d5 $2 (22... Bxd3 $19 23. Rxd3 Qa6 {[%mdl 64] Double Attack}) 23. Qxd5 $2 {[%mdl 8192]} (23. Qb1 $11) 23... Bxa2 $4 {[%mdl 8192]} (23... cxd5 $19 24. b3 axb3 25. axb3 Bxb3) 24. Qd6 $2 (24. Qxa2 $18 {is the precise move to win.} Bf8 25. e5) 24... Bb3 25. g4 ({White should play} 25. Rc1 $16) 25... Qa7 $2 {[%mdl 8192]} (25... Bxd1 $15 26. Qxd1 Qa6) 26. Rc1 $4 {[%mdl 8192]} (26. Bxa7 $18 Bxd1 27. Rxd1) 26... Qa6 $2 (26... Qxb6+ $19 27. Kh1 Rd8) 27. Bd4 Qd3 {And now ...Nxg4! would win.} 28. Be5 Rd8 (28... Qxd6 $11 29. Bxd6 g5) 29. Qxd3 Rxd3 30. Bf1 $36 {[%mdl 2048] Black is under strong pressure.} Rd2 31. Bc3 Rd7 32. Kf2 Re7 33. Bd3 Nd7 34. Bxg7 Kxg7 35. g5 f6 {[#]} (35... h6 $16 36. h4 Re8) 36. h4 $1 $18 h6 37. gxh6+ Kxh6 38. Rg1 Nf8 39. Ke3 Bd5 {If Black can now play ...Bxe4 this consolidates a bit.} 40. Kf3 Bb3 41. Bc4 Rd7 42. Ke3 Ne6 43. Bxb3 axb3 44. Rgd1 Rxd1 $2 (44... Re7 45. Rc3 Kg7 46. Rxb3 Nc5) 45. Rxd1 {[%mdl 4096] Endgame KR-KN} Nc5 46. e5 Kg7 47. Rd6 fxe5 48. fxe5 Kf7 49. Kd4 Na4 50. Rf6+ Ke7 51. Rxg6 Nxb2 52. h5 {Played: Kd4-c3} 1-0

[Event "1st Cyprus Chess Tournament 2019"]
[Site "Larnaca"]
[Date "2019.10.31"]
[Round "7.5"]
[White "Constantinou, Pavlos"]
[Black "Arkell, Keith C"]
[Result "0-1"]
[WhiteElo "2093"]
[BlackElo "2447"]
[Annotator "TA"]
[PlyCount "134"]
[EventDate "2019.10.25"]
[EventType "swiss"]
[EventCountry "CYP"]
[SourceTitle "playchess.com"]
[Source "ChessBase"]
[SourceQuality "1"]

{[%evp 10,134,16,7,26,16,21,16,0,0,13,6,7,14,4,10,0,0,2,2,3,0,2,2,2,2,2,2,2,3,21,0,21,10,6,10,14,14,14,11,16,18,19,11,56,36,51,27,37,0,0,0,0,0,0,0,0,0,0,0,0,0,0,0,0,0,0,0,0,0,0,0,0,-27,0,0,0,0,0,0,0,0,0,0,0,0,0,0,0,0,0,0,0,0,0,0,0,0,0,0,0,0,0,0,0,0,0,0,0,0,0,0,0,0,0,0,0,0,0,0,0,0,0,-377,-422,-12847,-12848]} 1. d4 Nf6 2. Nf3 e6 3. g3 b5 4. Bg2 Bb7 5. O-O c5 6. Bg5 cxd4 {A46: 1 d4 Nf6 2 Nf3 e6: Torre, London and Colle Systems} (6... Be7 7. dxc5 Bxc5 8. Qd3 a6 9. a4 b4 10. Nbd2 h6 11. Bxf6 Qxf6 12. Nb3 Be7 13. Na5 Bxf3 14. Bxf3 {1-0 (51) Matlakov,M (2714)-Geller,J (2505) Sochi 2017}) 7. Bxf6 Qxf6 8. Nxd4 Bxg2 {The position is equal.} 9. Kxg2 a6 10. c3 Bc5 11. Qd3 O-O $146 ({Predecessor:} 11... Bxd4 12. cxd4 {1-0 (50) Romanishin,O (2509)-Pescatore,L (2246) Porto San Giorgio 2014}) 12. Nd2 d5 13. b4 Bxd4 14. cxd4 Nc6 15. Nf3 Nxb4 16. Qc3 a5 17. Rfc1 Qd8 18. Qb3 Rb8 19. Rc5 Qb6 20. a4 bxa4 21. Qxa4 Qa6 22. Kf1 f6 23. Rxa5 Qc6 24. Rc5 Qxa4 25. Rxa4 Rb7 26. h4 h5 27. Ne1 Kf7 28. Kg2 Kg6 29. Nc2 Nxc2 30. Rxc2 $11 {[%mdl 4096] Endgame KRR-KRR} Kf5 31. f3 Rfb8 32. Ra5 Kg6 33. Kf2 Rb4 34. Ke3 Rb3+ 35. Kf2 R3b4 36. Ke3 Rb1 37. Ra7 Rh1 38. Rcc7 Kf5 $1 39. Rxg7 {[#] g4+ would kill now.} Rb3+ 40. Kd2 $1 Rh2 41. Raf7 {[%csl Gh4][%cal Rg7g5]} e5 (41... Rxf3 $5 {[%cal Rf5e4]} 42. Rf8 Ke4 $17) 42. dxe5 Kxe5 43. Rb7 Rxf3 44. Rh7 Kd4 45. Rb4+ Kc5 46. Rb8 (46. Ra4 {is interesting.} Rxg3 47. Rxh5 Rgg2 48. Ra5+ Kd6 49. Ra6+) 46... Rxg3 47. Rxh5 Ra3 48. Rb2 Ra6 49. Rh8 Re6 50. Kd3 Rh3+ 51. Kd2 Kd4 52. Rc8 Rh2 53. Rb4+ Ke5 54. Kd3 Rh3+ 55. Kd2 Ra6 56. Re8+ Kd6 57. Rf4 Kd7 58. Rf8 Ke7 59. Rc8 Rh2 60. Rc2 Ke6 61. Rb4 Ke5 62. Rcb2 Rc6 63. Rb1 f5 64. Kd3 Ra6 65. e3 Ra3+ 66. R1b3 $2 {[%mdl 8192] [#]} (66. R4b3 $11 {and White has nothing to worry.} Ra4 67. Rb8) 66... Raa2 $1 $19 {( -> ...Rhd2+)} 67. Rf4 (67. Rb1 $142 Rad2+ 68. Kc3) 67... Rac2 {Accuracy: White = 71%, Black = 75%.} 0-1

[Event "1st Cyprus Chess Tournament 2019"]
[Site "Larnaca"]
[Date "2019.10.31"]
[Round "7.6"]
[White "Velickovski-Nejkovic, Maja"]
[Black "Ivanov, Mikhail M"]
[Result "1-0"]
[WhiteElo "2128"]
[BlackElo "2342"]
[Annotator "TA"]
[PlyCount "97"]
[EventDate "2019.10.25"]
[EventType "swiss"]
[EventCountry "CYP"]
[SourceTitle "playchess.com"]
[Source "ChessBase"]
[SourceQuality "1"]

{[%evp 11,97,17,39,-22,0,10,9,8,12,0,24,0,39,34,22,19,19,22,21,18,24,21,68,40,58,77,69,74,68,15,18,-3,-10,-72,-69,-75,-75,-177,-153,-211,-232,-246,-252,-237,-240,-233,-240,-241,-200,-177,-127,-135,-123,-100,8,8,8,8,8,8,8,8,8,8,8,0,8,-529,-1,-384,75,83,87,95,1377,1386,1165,1256,2029,1815,29974,29975,29979,29980,29983,29981,29990,29991]} 1. c4 e6 2. Nc3 d5 3. d4 Nf6 4. cxd5 exd5 5. Bg5 c6 6. e3 Qb6 7. Qb3 {D35: Queen's Gambit Declined: Exchange Variation} (7. Qd2 $14) (7. Qd2 Ne4 8. Nxe4 dxe4 9. Ne2 Bb4 10. Nc3 Qa5 11. Bh4 Be6 12. a3 Nd7 13. Rc1 Bxc3 14. Qxc3 Qxc3+ 15. bxc3 {1-0 (35) Hammer,J (2632)-Ivanov,S (2539) Sweden 2018}) 7... Qxb3 8. axb3 Nbd7 9. Bd3 {The position is equal.} h6 $146 ({Predecessor:} 9... Bb4 10. Nge2 h6 11. Bh4 Ke7 12. f3 Re8 13. Bf2 Nb6 14. O-O Be6 {1-0 (38) Petran,P (2440)-Rabiega,R (2455) Austria 1994}) 10. Bh4 Bd6 11. Nge2 a6 12. f3 O-O 13. Kd2 Re8 14. g4 Nh7 15. Bg3 Bb4 16. h4 g6 17. Rag1 Ndf6 18. Be5 Nd7 19. Bf4 Kg7 20. g5 ({Better is} 20. Ng3 $14) 20... h5 $11 21. Ng3 Nhf8 22. Kc2 (22. Nge2 $11) 22... Ne6 $17 23. Nce2 b5 24. Nxh5+ (24. e4 $17) 24... gxh5 $19 25. Ng3 (25. g6 $17 {was worth a try.}) 25... Nxf4 26. exf4 c5 27. Nxh5+ Kf8 $1 28. g6 fxg6 (28... cxd4 29. g7+ Kg8 30. Bf5 $17) 29. Bxg6 Re2+ ({Less strong is} 29... cxd4 30. Bxe8 Kxe8 31. Rg8+ Nf8 32. Rhg1 $15) 30. Kb1 cxd4 31. Ng3 Rf2 32. h5 Nf6 (32... Rxf3 33. h6 $14) ({Black should try} 32... Kg8 $17 33. Ne4 dxe4 34. Bxe4+ Kh8 35. Bxa8 Nf6) 33. h6 $11 {aiming for h7.} Kg8 {Threatens to win with ...Kh8.} ({Reject} 33... Rxf3 $6 34. h7 $14) 34. Nh5 $1 {[%cal Rh5f6]} Nxh5 35. Rxh5 {And now h7+ would win.} Kh8 $1 36. Bf7 $1 Re2 $1 {Strongly threatening ...Be6.} 37. Rg8+ Kh7 {Hoping for ...Bf5+!} 38. Rg7+ Kh8 {...Be6 is the strong threat.} 39. Rg3 $2 {[%mdl 8192]} (39. Rg6 $11 {and White is okay.} Kh7 40. Rg7+ Kh8 41. Bxd5 Re1+ 42. Ka2) 39... Bf8 $2 (39... Re1+ $19 40. Ka2 Be6 41. Bxe6 Rxe6 42. Rxd5 Rd6 43. Rxd6 Bxd6) 40. Ka2 $2 {[%mdl 8192]} (40. Rg8+ $11 {and White stays safe.} Kh7 41. Rxf8 Bf5+ {[%mdl 64] Discovered Attack} 42. Rxf5 Re1+ 43. Kc2 Rxf8 44. Bg6+ $1 {[%mdl 576] Discovered Attack} Kxh6 45. Rxf8 Kxg6 46. f5+ Kg7 47. Ra8) 40... Bd7 $2 {[#]} (40... Be6 $1 $19 {[%cal Re6f7]} 41. Bxe6 Rxe6) 41. h7 $1 $16 {[%csl Gf7,Gh7][%cal Rg3g8]} Bg7 42. Rhg5 {[#]} Bf6 $2 {[%mdl 8192]} ({Avoid the trap} 42... Bf8 $2 43. Rxd5 Bf5 44. Rxf5 $18) (42... Bf5 $1 $16 {[%mdl 512]}) 43. Rg8+ $18 Kxh7 44. Rxa8 {Intending Bg8+ and mate.} d3 45. Bg6+ Kh6 46. Bxd3 {White mates.} Rxb2+ 47. Ka3 b4+ 48. Kxb4 Be7+ 49. Ka5 {Accuracy: White = 49%, Black = 34%.} 1-0

[Event "1st Cyprus Chess Tournament 2019"]
[Site "Larnaca"]
[Date "2019.10.31"]
[Round "7.7"]
[White "Terentiev, Sergei"]
[Black "Damianou, Ioannis"]
[Result "1-0"]
[WhiteElo "2285"]
[BlackElo "2118"]
[Annotator "TA"]
[PlyCount "59"]
[EventDate "2019.10.25"]
[EventType "swiss"]
[EventCountry "CYP"]
[SourceTitle "playchess.com"]
[Source "ChessBase"]
[SourceQuality "1"]

{[%evp 12,59,29,0,37,0,14,6,14,0,92,90,89,83,106,99,86,90,86,87,91,63,61,61,65,67,67,71,108,108,101,91,160,163,152,157,150,150,165,155,381,371,439,382,508,497,487,466,737,710]} 1. c4 Nf6 2. Nf3 g6 3. Nc3 Bg7 4. e4 d6 5. Be2 O-O 6. O-O e5 7. d3 a5 {A16: English Opening: 1...Nf6 with ...d5} (7... c6 8. h3 a6 9. Be3 b5 10. b4 d5 11. exd5 cxd5 12. Bc5 Re8 13. cxd5 Nxd5 14. Nxd5 Qxd5 15. Nd2 {½-½ (37) Baldursson,H (2153)-Sagafos,M (2384) Kragero 2018}) 8. h3 c6 $146 ({Predecessor:} 8... Na6 9. Be3 Ne8 10. Nh2 f5 11. f4 fxe4 12. Nxe4 exf4 13. Rxf4 Rxf4 14. Bxf4 Bxb2 {½-½ (44) Fekete,L-Szakacs,G Hungary 1997}) 9. Be3 Na6 {The position is equal.} 10. Na4 d5 {[#]} (10... Nd7 $11) 11. exd5 $1 $16 cxd5 12. Nxe5 d4 13. Bf4 Re8 14. Ng4 Bd7 {Threatens to win with ...Bxa4.} 15. Bf3 Nxg4 16. Bxg4 Bc6 17. Bf3 Qf6 18. Bxc6 Qxc6 19. b3 Re6 20. Re1 Rae8 21. Qd2 Nb4 ({Black should try} 21... Bf8) 22. Rxe6 Qxe6 {[#]} 23. a3 $1 {[%cal Ra3b4]} Nc6 24. Nc5 $36 {[%cal Ba4c5,Bc5e4,Be4d6][%mdl 2080] White is in control.} Qe7 25. Ne4 f5 $2 (25... Ra8 $16 {was worth a try.} 26. Bg5 Qd7) 26. Nd6 $18 Rd8 27. Re1 Be5 28. Bxe5 {White is clearly winning.} Nxe5 29. c5 f4 (29... Rxd6 $142 30. cxd6 Qxd6 31. Qxa5 Nf7 32. Qa8+ Kg7 33. Qxb7 Qxa3) 30. Qe2 {Accuracy: White = 79%, Black = 27%.} 1-0

[Event "1st Cyprus Chess Tournament 2019"]
[Site "Larnaca"]
[Date "2019.10.31"]
[Round "7.8"]
[White "Bukhteeva, Viktoria"]
[Black "Biljanic, Ljubomir"]
[Result "0-1"]
[WhiteElo "2110"]
[BlackElo "2241"]
[Annotator "TA"]
[PlyCount "80"]
[EventDate "2019.10.25"]
[EventType "swiss"]
[EventCountry "CYP"]
[SourceTitle "playchess.com"]
[Source "ChessBase"]
[SourceQuality "1"]

{[%evp 21,94,74,118,84,150,85,104,31,42,0,0,0,0,0,29,29,44,40,54,62,205,214,200,190,205,139,137,145,139,139,242,207,301,306,287,192,188,179,187,175,200,206,196,191,172,114,118,118,134,114,126,99,183,94,114,-408,-402,-413,-244,-210,0,-408,-407,-398,-391,-377,-349,-350,-244,-223,-235,-208,-214,-300,-300]} 1. e4 d6 2. d4 Nf6 3. Nc3 c6 4. f4 Qa5 5. Bd3 Bg4 6. Nf3 e5 7. Be3 Nbd7 8. O-O Be7 9. h3 Bxf3 10. Qxf3 O-O 11. a3 Qc7 12. Kh1 {B07: Pirc Defence: Miscellaneous Systems} c5 $146 {[#]} ({Black should try} 12... h6) ({Predecessor:} 12... Rfe8 13. dxe5 dxe5 14. f5 h6 15. Bc4 b5 16. Bd3 Rad8 17. Qf2 a6 18. g4 c5 19. Rad1 c4 {0-1 (43) Delemarre,I (2258)-Kalod,R (2483) Boeblingen 2000}) 13. dxc5 (13. dxe5 $142 $1 dxe5 14. g4) 13... dxc5 14. Qe2 (14. g4 $16) 14... a6 $14 15. a4 exf4 16. Bxf4 Bd6 17. Bg5 {Strongly threatening Rxf6!} Be5 18. Nd5 Nxd5 19. exd5 Bxb2 20. Rab1 $40 {[%mdl 128] White attacks.} Rae8 (20... Be5 $1 $14) 21. Be7 $18 (21. Qh5 g6 $14) 21... Be5 22. Bxf8 Rxf8 23. Qe4 {[%csl Gd3][%cal Re4h7]} g6 {[#]} 24. d6 $1 {[%cal Rd6c7][%mdl 512]} Qxd6 25. Qxb7 Rb8 (25... Nf6 $16) 26. Qf3 Rf8 (26... Nf6 $142 27. Rxb8+ Qxb8 28. Bxa6 Qb4) 27. Bc4 Nf6 28. Rbd1 Qc7 {intending ...Nh5.} 29. g4 (29. Bxa6 $6 Nh5 $14) 29... Kg7 30. Bxa6 h6 31. Bb5 Rd8 32. Rxd8 Qxd8 {[#]} 33. Rd1 (33. Kg2 $1 $18) 33... Qa5 $16 34. Kg2 Qb4 35. Rd3 c4 36. Re3 Bc7 (36... Bb8 $16 37. h4 Qc5) 37. c3 (37. Re2 $18) 37... Qc5 38. Qc6 $2 {[%mdl 8192]} (38. Re1 $16 {keeps the pressure on.}) 38... Qxe3 $19 39. Qxc7 Qe2+ (39... Ne4 $142 40. Qe5+ Kh7) 40. Kg1 Qe1+ {Played: Qe2-e3} 0-1